000 00768nam a2200241 i 4500
001 135149
003 ES-MaACL
005 20230906194821.0
007 t|
008 070710s1932 sp ||||1| spa d
080 _a929:1 Hobbes, Thomas
100 1 _aTönnies, Ferdinand.
_9110579
245 1 0 _aVida y doctrina de Tomás Hobbes /
_cFernando Tönnies ; traducción del alemán por E. Imaz.
260 _aMadrid :
_bRevista de Occidente,
_c[1932]
300 _a336 p. :
_bil. ;
_c22 cm.
490 1 _aLos filósofos ;
_v11
600 1 4 _aHobbes, Thomas-
_xCrítica e interpretación.
_963854
700 1 _aImaz, Eugenio.
_965203
830 1 _aLos filósofos ;
_v11
_9183665
852 _aES-MaACL
_jD-5274
852 _aES-MaACL
_jE-6909
999 _c135149
_d135149